Vplyv využívania nástrojov Business Intelligence na výkonnosť podnikov recenzovaný zborník vedeckých prác : medzinárodný vedecký workshop k riešeniu projektu VEGA č. 1/0562/14 : 12.11.2015, [Košice, Slovensko]
Uložené v:
| Korporácia: | , |
|---|---|
| Ďalší autori: | , , |
| Médium: | Kniha |
| Jazyk: | Slovak English |
| Vydavateľské údaje: |
Bratislava
Vydavateľstvo EKONÓM
2015
|
| Vydanie: | 1. vyd. |
| Predmet: | |
| Tagy: |
Žiadne tagy, Buďte prvý, kto otaguje tento záznam!
|
MARC
| LEADER | 00000nlm a2200000 4500 | ||
|---|---|---|---|
| 001 | 0213321 | ||
| 005 | 20240502073543.9 | ||
| 020 | |a 978-80-225-4216-6 | ||
| 041 | 0 | |a slo | |
| 041 | 0 | |a eng | |
| 044 | |a SK | ||
| 245 | 1 | 0 | |a Vplyv využívania nástrojov Business Intelligence na výkonnosť podnikov |b recenzovaný zborník vedeckých prác : medzinárodný vedecký workshop k riešeniu projektu VEGA č. 1/0562/14 : 12.11.2015, [Košice, Slovensko] |c editor: Jaroslav Dugas ; recenzenti: Andrea Seňová, Branislav Kršák |
| 250 | |a 1. vyd. | ||
| 264 | 1 | |a Bratislava |b Vydavateľstvo EKONÓM |c 2015 | |
| 300 | |a CD-ROM [273 s., 13,65 AH] | ||
| 610 | 2 | 0 | |a výkonnosť podniku |
| 610 | 2 | 0 | |a business intelligence |
| 610 | 2 | 0 | |a inovácia |
| 610 | 2 | 0 | |a systémy informačné manažérske |
| 610 | 2 | 0 | |a manažment informačný |
| 610 | 2 | 0 | |a technológie informačné |
| 610 | 2 | 0 | |a technológie komunikačné |
| 700 | 1 | |a Dugas, Jaroslav, 1967- | |
| 700 | 1 | |a Seňová, Andrea | |
| 700 | 1 | |a Kršák, Branislav | |
| 110 | 2 | |a Vplyv využívania nástrojov Business Intelligence na výkonnosť podnikov. Medzinárodný vedecký workshop | |
| 710 | 2 | |a Podnikovohospodárska fakulta EU so sídlom v Košiciach. Katedra informačnej a jazykovej komunikácie | |